000 00582nam a2200205 i 4500
001 142576
003 ES-MaACL
005 20230906200549.0
007 t|
008 071008s1947 sp ||||1| spa d
100 1 _aVillalonga, Miguel.
_9114977
245 1 0 _aAutobiografía /
_cpor Miguel Villalonga.
250 _a[1ª ed.].
260 _aBarcelona :
_bJosé Janés,
_c[1947]
300 _a229 p. ;
_c17 cm.
490 1 _aManantial que no cesa ;
_v47
830 0 _aManantial que no cesa ;
_v47
_9181138
852 _aES-MaACL
_jC-4938
_bR.25700
999 _c142576
_d142576